000 00942cad a22002295a 4500
001 L145684
008 081030s2008 xxkad f s 000 0 eng d
035 _a(Sirsi) u145684
041 0 _aeng
050 0 4 _a333.33 $2 18
110 2 _aAtisreal
_95337
245 0 0 _aUK total occupancy costs
_bSeptember 2008
_h[electronic resource]
260 _a[S.l.]
_bAtisreal
_c2008
490 0 _aAtisreal UK Total Occcupancy Costs
_vSeptember 2008
520 _aProvides a high level view of rents, rates and service charges for Grade A offices in various locations around the UK. Based on opinion and research carried out in August 2008. Diagram and table.
590 _aKA
650 2 4 _aATISREAL UK TOTAL OCCUPANCY COSTS
651 4 _aEurope
690 _aPROPERTY-COMMERCIAL PROPERTY-COMMERCIAL PROPERTY MARKET
856 4 0 _uhttps://www.atisreal.com/
_zView this report free of charge under market research at www.atisreal.com...
942 _n0
999 _c108863
_d108863